000 00331nam a22001457a 4500
008 230427b ||||| |||| 00| 0 eng d
020 _a0890599718
041 _aeng
080 _a030
082 _a030COL
100 _a44
101 _aENCIKLO
245 _aENCYCLOPEDIA OF THE LIBRARY OF CONGRESS
_cCOLE.Y.J
942 _2udc
_cBK
999 _c59630
_d59630